000 01762nka a2200349 i 4500
001 102927
003 ES-MaACL
005 20250822063149.0
007 t|
008 051220e1809 sp f | |r||1c|spa d
100 1 _aLópez Enguídanos, Tomás,
_d1773-1814
_eetr
_973620
245 1 4 _a[La caridad romana]
_h[Material gráfico] /
_cBartolomé Murillo lo pintó ; José Martínez lo dibuxó ; Tomás López Enguídanos lo grabó en Madrid año 1809
260 _a[Madrid] :
_bse halla en la Real Calcografía,
_c[1809]
300 _a1 estampa :
_bgrabado calcográfico ;
_c460 x 520 mm
490 1 _aColección facticia de grabados ;
_v8
500 _aInscripción: "La Caridad romana en el exemplo de Cimona para con su padre. Quadro célebre de Bartolome Murillo, natural de Sevilla"
520 _aUn viejo encadenado, con las manos esposadas hacia atrás, succiona del pecho de una joven dama, quien mira con gesto preocupado hacia el exterior de la estancia en la que se desarrolla el suceso
530 _aDisponible en formato digital
650 7 _aCaridad romana
_2embne
_9241808
655 7 _aGrabados calcográficos
_2tgfbne
_9241761
655 7 _aGrabados
_2tgfbne
_9226846
655 4 _aReproducciones de obras de arte
_9241931
700 1 _aMurillo, Bartolomé Esteban,
_d1617-1682
_eart
_984581
700 1 _aMartínez, José,
_ds. XIX
_edrm
_977769
710 2 _aCalcografía de la Imprenta Real
_eedt
_9241806
830 0 _aColección facticia de grabados ;
_v8
_9184692
852 4 _aES-MaACL
_cDEPO2
_jGF-2(8)
856 4 _uhttps://bdh-rd.bne.es/viewer.vm?id=0000023834&page=1
_yVersión en línea
_z(Biblioteca Digital Hispánica)
942 _2udc
_cDIBGRB
_n0
999 _c102927
_d102927